• AIU
  • Tony Wilmot Memorial Library

Microsoft Exchange server 2003 unleashed / (Record no. 66866)

MARC details
000 -LEADER
fixed length control field 01098cam a2200289 a 4500
001 - CONTROL NUMBER
control field 13323668
003 - CONTROL NUMBER IDENTIFIER
control field OSt
005 - DATE AND TIME OF LATEST TRANSACTION
control field 20211119125650.0
008 - FIXED-LENGTH DATA ELEMENTS--GENERAL INFORMATION
fixed length control field 030826s2004 inua 001 0 eng d
010 ## - LIBRARY OF CONGRESS CONTROL NUMBER
LC control number 2003111834
020 ## - INTERNATIONAL STANDARD BOOK NUMBER
International Standard Book Number 0672325810 :
Terms of availability $59.99
040 ## - CATALOGING SOURCE
Original cataloging agency BVA
Transcribing agency BVA
Modifying agency UAT
-- DLC
042 ## - AUTHENTICATION CODE
Authentication code lccopycat
050 00 - LIBRARY OF CONGRESS CALL NUMBER
Classification number QA76.9.C55
Item number M5295 2004
082 00 - DEWEY DECIMAL CLASSIFICATION NUMBER
Classification number 005.7/1376
Edition number 22
245 00 - TITLE STATEMENT
Title Microsoft Exchange server 2003 unleashed /
Statement of responsibility, etc Rand H. Morimoto ... [et al.].
260 ## - PUBLICATION, DISTRIBUTION, ETC. (IMPRINT)
Place of publication, distribution, etc Indianapolis, Ind. :
Name of publisher, distributor, etc SAMS Pub.,
Date of publication, distribution, etc c2004.
300 ## - PHYSICAL DESCRIPTION
Extent xli, 1006 p. :
Other physical details ill. ;
Dimensions 23 cm.
500 ## - GENERAL NOTE
General note Includes index.
630 00 - SUBJECT ADDED ENTRY--UNIFORM TITLE
Uniform title Microsoft Exchange server.
9 (RLIN) 25290
650 #0 - SUBJECT ADDED ENTRY--TOPICAL TERM
Topical term or geographic name as entry element Client/server computing.
9 (RLIN) 52629
700 1# - ADDED ENTRY--PERSONAL NAME
Personal name Morimoto, Rand.
9 (RLIN) 52630
856 41 - ELECTRONIC LOCATION AND ACCESS
Materials specified Table of contents
Uniform Resource Identifier <a href="http://www.loc.gov/catdir/toc/fy0801/2003111834.html">http://www.loc.gov/catdir/toc/fy0801/2003111834.html</a>
906 ## - LOCAL DATA ELEMENT F, LDF (RLIN)
a 7
b cbc
c copycat
d 2
e ncip
f 20
g y-gencatlg
942 ## - ADDED ENTRY ELEMENTS (KOHA)
Source of classification or shelving scheme Library of Congress Classification
Koha item type Books
Holdings
Withdrawn status Lost status Source of classification or shelving scheme Damaged status Not for loan Collection code Home library Current library Shelving location Date acquired Source of acquisition Cost, normal purchase price Full call number Barcode Date last seen Copy number Price effective from Koha item type
    Library of Congress Classification     General Circulation AIU/NEGST - Tony Wilmot Memorial Library AIU/NEGST - Tony Wilmot Memorial Library General Stacks 11/16/2021 Donation - Mesfin Teshome 40.00 QA 76.9.C55M5295 2004 T15896W3232 11/19/2021 1 11/19/2021 Books